Govt. of
Madhya Pradesh

Protect Global Earth Series (Record no. 3877)

MARC details
000 -LEADER
fixed length control field 004680000a22001810004500
003 - CONTROL NUMBER IDENTIFIER
control field MACL
005 - DATE AND TIME OF LATEST TRANSACTION
control field 20150801123343.0
008 - FIXED-LENGTH DATA ELEMENTS--GENERAL INFORMATION
fixed length control field 150801b xxu||||| |||| 00| 0 eng d
040 ## - CATALOGING SOURCE
Original cataloging agency MACL
Transcribing agency MACL
041 ## - LANGUAGE CODE
Language code of text/sound track or separate title English
082 ## - DEWEY DECIMAL CLASSIFICATION NUMBER
Classification number 363/TRI
100 ## - MAIN ENTRY--PERSONAL NAME
Personal name Tripathi, A.K.
9 (RLIN) 3999
245 ## - TITLE STATEMENT
Title Protect Global Earth Series
Remainder of title Air Pollution vol 1
260 ## - PUBLICATION, DISTRIBUTION, ETC. (IMPRINT)
Name of publisher, distributor, etc. Ashish Publishing House
Date of publication, distribution, etc. 1993
Place of publication, distribution, etc. Delhi
350 ## - PRICE (NR) (BK AM CF MU VM SE) [OBSOLETE]
Price 400
650 ## - SUBJECT ADDED ENTRY--TOPICAL TERM
Topical term or geographic name as entry element Social Science
9 (RLIN) 4000
942 ## - ADDED ENTRY ELEMENTS (KOHA)
Koha item type Books
Call number prefix 363
Source of classification or shelving scheme
Holdings
Withdrawn status Lost status Source of classification or shelving scheme Damaged status Not for loan Home library Current library Date acquired Cost, normal purchase price Full call number Barcode Date last seen Uniform Resource Identifier Price effective from Koha item type
          MACL MACL 15/04/2015 400.00 363/TRI CRE006198 02/05/2024 3855 15/04/2015 Books